| 000 | 00591nam a2200169Ia 4500 | ||
|---|---|---|---|
| 008 | 100122s9999 xx 000 0 und d | ||
| 082 |
_b25096 _a823 |
||
| 100 | _aभागवत यशवंत | ||
| 245 | _aमुक्काम प्रेमनगर | ||
| 260 |
_bप्रपंच प्रकाशन _c1977 |
||
| 300 | _a96 | ||
| 520 | _aविनोदी कादंबरी | ||
| 620 | _aविनोदी कादंबरी | ||
| 630 | _aमुक्काम प्रेमनगर | ||
| 730 | _aमुक्काम प्रेमनगर | ||
| 942 | _cBOOK | ||
| 999 |
_c412089 _d412086 |
||